Touches sur une Game Boy Color - Statistiques

Statistiques générales
  • Ce quiz a été pris 111 fois
  • Le résultat moyen est 6 sur 7
Statistiques - réponses
Position Touche / Bouton % Correct
Avant B
100%
Avant A
99%
Avant Croix directionnelle
95%
Avant Start
89%
Avant Select
83%
Côté droit On / Off
66%
Côté gauche Vol. (Volume)
52%
Aucun quiz correspondant
Distribution des résultats
% des personnes avec chaque résultat
Percentile par nombre de réponses
Votre historique - résultats
Vous n’avez pas pris ce quiz